A STATISTICAL SNAPSHOT OF THE 18 YEAR OLD MALAYSIAN ADOLESCENT (Record no. 1442)

000 -LEADER
fixed length control field nam a22 a 4500
005 - DATE AND TIME OF LATEST TRANSACTION
control field 20170509151555.0
008 - FIXED-LENGTH DATA ELEMENTS--GENERAL INFORMATION
fixed length control field 170509b2007 M ||||| |||| 00| 0 eng d
040 ## - CATALOGING SOURCE
Original cataloging agency AKMAL
082 ## - DEWEY DECIMAL CLASSIFICATION NUMBER
Classification number 305.235 STA
090 ## - LOCALLY ASSIGNED LC-TYPE CALL NUMBER (OCLC); LOCAL CALL NUMBER (RLIN)
Classification number (OCLC) (R) ; Classification number, CALL (RLIN) (NR) 305.235
Local cutter number (OCLC) ; Book number/undivided call number, CALL (RLIN) STA
245 ## - TITLE STATEMENT
Title A STATISTICAL SNAPSHOT OF THE 18 YEAR OLD MALAYSIAN ADOLESCENT
Statement of responsibility, etc. FATIMAH HASHIM,LIHANNA BORHAN
260 ## - PUBLICATION, DISTRIBUTION, ETC.
Place of publication, distribution, etc. MALAYSIA
Name of publisher, distributor, etc. INSTITUT SOSIAL MALAYSIA
Date of publication, distribution, etc. 2007
300 ## - PHYSICAL DESCRIPTION
Extent 129ms,;
Dimensions 30 cm
942 ## - ADDED ENTRY ELEMENTS (KOHA)
Source of classification or shelving scheme
Koha item type Book
Holdings
Withdrawn status Lost status Source of classification or shelving scheme Damaged status Not for loan Collection code Home library Current library Shelving location Date acquired Inventory number Total Checkouts Full call number Barcode Date last seen Price effective from Koha item type
          NON-FICTION AKMAL Melaka AKMAL Melaka PINJAMAN 09.05.2017 304842   305.235 STA 201702724 09.05.2017 09.05.2017 Book
Pusat Sumber Maklumat Dato' Haji Sarmin Md Hussin, Akademi Kastam Diraja Malaysia, Melaka
Tel: 06-2331106 | Faks: 06-2313787